[Event "GER-chT U12"]
[Site "Arendsee"]
[Date "2011.12.28"]
[Round "3.4"]
[White "Dalchow, Jonas"]
[Black "Vogt, Dennis"]
[Result "1-0"]
[WhiteElo "1088"]
[BlackElo "800"]
[PlyCount "62"]
[EventDate "2011.12.27"]
[EventType "team-swiss"]
[EventRounds "7"]
[EventCountry "GER"]
[SourceTitle "EXT 2022"]
[Source "ChessBase"]
[SourceDate "2021.10.06"]
[SourceVersion "1"]
[SourceVersionDate "2021.10.06"]
[SourceQuality "1"]
[WhiteTeam "Lambsheim U12"]
[BlackTeam "Oberursel U12"]
[WhiteTeamCountry "GER"]
[BlackTeamCountry "GER"]

1. e4 e5 2. Nf3 Nc6 3. Bb5 a6 4. Bxc6 bxc6 5. Nc3 f6 6. 0-0 Ne7 7. d4 exd4 8. Nxd4 d5 9. Nf3 dxe4 10. Qxd8+ Kxd8 11. Nxe4 f5 12. Nc5 Nd5 13. Bg5+ Be7 14. Rfe1 Nf6 15. Ne5 Bxc5 16. Nf7+ Kd7 17. Nxh8 Ne4 18. Be3 Bb4 19. c3 Ba5 20. b4 Bb6 21. Bxb6 cxb6 22. Rad1+ Kc7 23. f3 Ng5 24. Re7+ Kb8 25. Rd8 a5 26. h4 Ne6 27. Rxe6 axb4 28. Rxc6 Rxa2 29. Rdxc8+ Kb7 30. R6c7+ Ka6 31. c4 b3 1-0